Paroles - Starmania - Un enfant de la pollution - Statistiques

Statistiques générales
  • Ce quiz a été pris 43 fois
  • Le résultat moyen est 232 sur 308
Statistiques - réponses
Réponse % Correct
en
100%
enfant
100%
un
100%
à
97%
de
97%
la
97%
La
97%
Le
97%
le
97%
pollution
97%
Ça
94%
ça
94%
ce
94%
je
94%
Je
94%
ma
94%
me
94%
m'en
94%
ne
94%
au
91%
Au
91%
c'est
91%
fond
91%
J'suis
91%
j'suis
91%
vent
91%
Moi
88%
moi
88%
nez
88%
plus
88%
respire
88%
te
88%
Comme
84%
comme
84%
dans
84%
d'en
84%
drogue
84%
et
84%
passer
84%
peau
84%
bien
81%
l'air
81%
l'eau
81%
Les
81%
les
81%
m'fait
81%
nature
81%
n'peux
81%
plutôt
81%
poisson
81%
pur
81%
tousser
81%
que
78%
suis
78%
bruit
75%
des
75%
une
75%
d'la
72%
mon
72%
consommation
69%
du
69%
j'ai
69%
J'ai
69%
maniaque
69%
nuit
69%
par
69%
playback
69%
Quand
69%
télévision
69%
Tout
69%
tout
69%
tu
69%
bon
66%
buildings
66%
dernier
66%
faire
66%
Juste
66%
mal
66%
même
66%
m'rend
66%
paranoïaque
66%
smog
66%
son
66%
tête
66%
toujours
66%
vais
66%
Bravo
63%
bravo
63%
choses
63%
cigarette
63%
consomme
63%
côté
63%
d'l'argent
63%
élément
63%
étoile
63%
insomniaque
63%
J'fume
63%
jogging
63%
jour
63%
milieu
63%
numéro
63%
on
63%
On
63%
rêvé
63%
Sinon
63%
sur
63%
Sur
63%
vie
63%
agent
59%
ange
59%
Besoin
59%
besoin
59%
bête
59%
change
59%
ciment
59%
c'qui
59%
crois
59%
croit
59%
d'bruit
59%
fille
59%
gadget
59%
jette
59%
m'achète
59%
m'passe
59%
née
59%
oiseaux
59%
petite
59%
pieds
59%
pour
59%
qu'est
59%
rencontrer
59%
ressemble
59%
ronron
59%
rose
59%
vivre
59%
aussi
56%
Cristal
56%
dodo
56%
envie
56%
j'avais
56%
Mais
56%
monde
56%
motos
56%
Qu'on
56%
restée
56%
s'appelle
56%
secours
56%
vis
56%
bas
53%
crapauds
53%
criant
53%
d'amour
53%
haut
53%
moyen
53%
partie
53%
p'tit
53%
sens
53%
train-train
53%
venu
53%
vienne
53%
citadin
50%
l'essence
50%
Longtemps
50%
m'trouble
50%
parfum
50%
Parce
47%
coupez
41%
m'endette
41%
m'fallait
34%
Formidable
31%
c'qu'il
25%
Aucun quiz correspondant
Distribution des résultats
% des personnes avec chaque résultat
Percentile par nombre de réponses
Votre historique - résultats
Vous n’avez pas pris ce quiz